Music Quiz

Random Music or Song Quiz

50 Cent Songs Quiz Stats

 Plays Quiz not verified by Sporcle

Challenge
Share
Tweet
Embed
Score 0/82 Timer 12:00
0 Plays Today
Hint Answer % Correct
The Massacre (2005)Candy Shop
87.4%
Get Rich Or Die Tryin' (2003)In Da Club
84.2%
Get Rich Or Die Tryin' (2003)P.I.M.P.
78.9%
Get Rich Or Die Tryin' (2003)21 Questions
76.8%
Get Rich Or Die Tryin' (2003)Many Men (Wish Death)
75.8%
Get Rich Or Die Tryin' (2003)Wanksta
71.6%
Get Rich Or Die Tryin' (2003)Intro
68.4%
The Massacre (2005)Intro
68.4%
Curtis (2007)Intro
68.4%
Get Rich Or Die Tryin' (2003)Patiently Waiting
62.1%
The Massacre (2005)Just a Lil' Bit
61.1%
Animal Ambition (2014)Hustler
60%
Get Rich Or Die Tryin' (2003)If I Can't
58.9%
Get Rich Or Die Tryin' (2003)Heat
54.7%
Get Rich Or Die Tryin' (2003)Blood Hound
53.7%
Get Rich Or Die Tryin' (2003)Back Down
53.7%
The Massacre (2005)Outta Control
53.7%
Curtis (2007)Straight to the Bank
53.7%
Get Rich Or Die Tryin' (2003)What Up Gangsta
52.6%
Curtis (2007)Ayo Technology
52.6%
Curtis (2007)Curtis 187
52.6%
Get Rich Or Die Tryin' (2003)High All The Time
51.6%
The Massacre (2005)Disco Inferno
51.6%
Get Rich Or Die Tryin' (2003)Don't Push Me
48.4%
The Massacre (2005)Piggy Bank
48.4%
Get Rich Or Die Tryin' (2003)Like My Style
45.3%
Get Rich Or Die Tryin' (2003)Poor Lil' Rich
45.3%
Get Rich Or Die Tryin' (2003)Gotta Make It to Heaven
44.2%
Hint Answer % Correct
Animal Ambition (2014)Animal Ambition
44.2%
The Massacre (2005)Hate It Or Love It (G-Unit Remix)
41.1%
Curtis (2007)I Get Money
41.1%
Before I Self Destruct (2009)Baby by Me
40%
The Massacre (2005)This Is 50
38.9%
The Massacre (2005)GATman and Robin
38.9%
Curtis (2007)I'll Still Kill
37.9%
Before I Self Destruct (2009)So Disrespectful
37.9%
Curtis (2007)Amusement Park
36.8%
Animal Ambition (2014)Pilot
36.8%
The Massacre (2005)Get in My Car
35.8%
The Massacre (2005)Position of Power
35.8%
Animal Ambition (2014)Smoke
35.8%
The Massacre (2005)In My Hood
34.7%
The Massacre (2005)My Toy Soldier
34.7%
The Massacre (2005)God Gave Me Style
34.7%
The Massacre (2005)I'm Supposed to Die Tonight
33.7%
The Massacre (2005)A Baltimore Love Thing
33.7%
Curtis (2007)Peep Show
33.7%
Curtis (2007)Fire
33.7%
Before I Self Destruct (2009)Psycho
33.7%
The Massacre (2005)Ski Mask Way
32.6%
The Massacre (2005)Gunz Come Out
32.6%
Animal Ambition (2014)Twisted
31.6%
The Massacre (2005)So Amazing
30.5%
Animal Ambition (2014)Hold On
30.5%
The Massacre (2005)Ryder Music
29.5%
Before I Self Destruct (2009)Crime Wave
29.5%
Hint Answer % Correct
Curtis (2007)Fully Loaded Clip
28.4%
Animal Ambition (2014)Don't Worry 'Bout It
28.4%
The Massacre (2005)I Don't Need 'Em
27.4%
Curtis (2007)My Gun Go Off
27.4%
Curtis (2007)Man Down
27.4%
Before I Self Destruct (2009)Ok, You're Right
27.4%
The Massacre (2005)Build You Up
26.3%
Before I Self Destruct (2009)Death to My Enemies
26.3%
Before I Self Destruct (2009)Stretch
26.3%
Curtis (2007)Follow My Lead
25.3%
Before I Self Destruct (2009)Then Days Went By
25.3%
Animal Ambition (2014)Irregular Heartbeat
25.3%
Animal Ambition (2014)Chase the Paper
25.3%
Before I Self Destruct (2009)Do You Think About Me?
24.2%
Curtis (2007)Come & Go
23.2%
Curtis (2007)All of Me
23.2%
Animal Ambition (2014)Winner's Circle
23.2%
Curtis (2007)Movin' on Up
22.1%
Before I Self Destruct (2009)Get It Hot
22.1%
Curtis (2007)Touch the Sky
21.1%
Before I Self Destruct (2009)The Invitation
21.1%
Before I Self Destruct (2009)Hold Me Down
21.1%
Before I Self Destruct (2009)Strong Enough
21.1%
Before I Self Destruct (2009)Gangsta's Delight
21.1%
Before I Self Destruct (2009)I Got Swag
21.1%
Animal Ambition (2014)Everytime I Come Around
17.9%

You're not logged in!

Compare scores with friends on all Sporcle quizzes.
OR
Log In

You Might Also Like...

Show Comments

Extras

Created Nov 28, 2015ReportNominate
Tags:Song Quiz, 50 Cent, cent

Top Quizzes Today


Score Distribution

Your Account Isn't Verified!

In order to create a playlist on Sporcle, you need to verify the email address you used during registration. Go to your Sporcle Settings to finish the process.

Report this User

Report this user for behavior that violates our Community Guidelines.

Details: